000 00718nam a2200253 i 4500
001 bg
100 1 _aHART-DAVIS, Guy
245 1 0 _aABC Microsoft Office 97 Professional /
_cGuy Hart-Davis ; przekł. z ang.
246 _iTyt. oryg.:
_aABC Microsoft Office for Windows 97
260 _aWarszawa :
_b"Mikom",
_c1997.
300 _a573 s. :
_brys. ;
_c24 cm.
500 _aOryg. : "ABC Microsoft Office for Windows 97" 1997.
504 _aIndeks.
650 9 _aMicrosoft Office
655 _aPodręczniki
020 _a8371580711
040 _cBPK
041 1 _apl
_hen
041 1 _apol
_heng
080 _a004.4(07)
920 _a83-7158-071-1
942 _cKS
008 s pl f |000 0 pol
999 _c33381
_d33381
856 _uhttp://koha.tu.koszalin.pl/cgi-bin/koha/opac-detail.pl?biblionumber=33381
_yKatalog online BPK